| 000 | 01257cab a2200229 i 4500 | ||
|---|---|---|---|
| 001 | 768714001 | ||
| 003 | CO-MdFUSB | ||
| 005 | 20230111125536.0 | ||
| 008 | 180718s2006 gt |||| |||| 00| 0 espad | ||
| 022 | _a1014-9341 | ||
| 040 |
_aCO-MdFUSB _bspa _cCO-MdFUSB _dCO-MdFUSB |
||
| 041 | _aspa | ||
| 100 | 1 |
_aMontserrat Torrents, José (1932-) _eautor |
|
| 245 | 1 | 3 |
_aEl evangelio de Judas : _bni evangelio, ni de Judas _c/ Gerardo Alfaro |
| 300 |
_aNúmero 38 (Enero - Junio, 2006) , páginas 121-128 _c: 22 cm |
||
| 520 | _aAunque escritos como el Evangelio de Tomás, el Evangelio de María y el Evangelio de Judas han sido conocidos por centurias en círculos cristianos, no es sino hasta hace medio siglo que, con el descubrimiento de la biblioteca de Nag Hammadi en el norte de Egipto, se ha tenido acceso directo a esllos. Hasta ese entonces la mayor fuente de información sobre estos escritos eran los padres de la iglesia, especialmente Ireneo de Lyon. | ||
| 650 | 7 |
_9279 _aEvangelios apócrifos |
|
| 653 | _aEvangelio de Judas | ||
| 773 | 0 |
_tKairós _049489 _961220 _gNúmero 38 (Enero - Junio, 2006), páginas 121-128 _qPágina 121 |
|
| 773 | 0 |
_tKairós _049489 _981322 _gNúmero 38 (Enero - Junio, 2006), páginas 121-128 _qPágina 121 |
|
| 942 | _cANA | ||
| 999 |
_c61643 _d61643 |
||